[Event "POL-chT 2nd League"]
[Site "Sypniewo"]
[Date "2021.09.05"]
[Round "2.13"]
[White "Dolinski, Piotr"]
[Black "Wasik, Roman"]
[Result "1-0"]
[WhiteElo "1677"]
[BlackElo "1355"]
[PlyCount "145"]
[EventDate "2021.09.04"]
[EventType "team-swiss"]
[EventRounds "9"]
[EventCountry "POL"]
[SourceTitle "CBM 204 Extra"]
[Source "ChessBase"]
[SourceDate "2021.11.30"]
[SourceVersion "1"]
[SourceVersionDate "2021.11.30"]
[SourceQuality "1"]
[WhiteTeam "Bydgoszcz Wiartrak"]
[BlackTeam "Rzeszow RzKSz"]
[WhiteTeamCountry "POL"]
[BlackTeamCountry "POL"]

1. c4 d6 2. g3 g6 3. Bg2 Bg7 4. Nf3 Nf6 5. 0-0 0-0 6. d3 e5 7. Nc3 Nc6 8. Bg5 h6 9. Bd2 a6 10. Rb1 Rb8 11. Qc1 Kh7 12. b4 Bg4 13. a4 Nd4 14. Re1 Qd7 15. b5 Qf5 16. Nxd4 exd4 17. Nd5 Nxd5 18. cxd5 Qc8 19. bxa6 bxa6 20. Rxb8 Qxb8 21. Qc6 Qb6 22. h3 Qxc6 23. dxc6 Be6 24. Rb1 d5 25. Bf4 Rc8 26. Rb7 Bf6 27. Rxc7 Ra8 28. Rb7 g5 29. Bd6 Rd8 30. Bc5 Be5 31. Bb6 Rc8 32. c7 Kg6 33. Rb8 Rxb8 34. cxb8Q Bxb8 35. Bxd4 f6 36. a5 Bc7 37. Bb6 Bd6 38. d4 f5 39. e3 Kf6 40. f4 Ke7 41. fxg5 hxg5 42. Kf2 Kf6 43. Bf1 Bc8 44. Bd3 Ke7 45. h4 gxh4 46. gxh4 Kf6 47. Be2 Kg6 48. Bf3 Be6 49. Bd8 Bb4 50. Bc7 Be7 51. Kg3 Bb4 52. Kf4 Be7 53. Ke5 Bf7 54. h5+ Kg5 55. Bxd5 Bf6+ 56. Kd6 Bxh5 57. Bc4 f4 58. exf4+ Kxf4 59. Ke6+ Kg5 60. Bf4+ Kxf4 61. Kxf6 Ke4 62. d5 Kd4 63. d6 Be8 64. Bxa6 Kc5 65. Ke7 Bc6 66. Be2 Ba4 67. a6 Kb6 68. d7 Bxd7 69. Kxd7 Ka7 70. Kc6 Ka8 71. Kb6 Kb8 72. a7+ Ka8 73. Bf3# 1-0

[Event "Wloclawek CC Classic 11th"]
[Site "Wloclawek"]
[Date "2014.??.??"]
[Round "4"]
[White "Dolinski, Piotr"]
[Black "Felski, Krzysztof"]
[Result "1-0"]
[WhiteElo "1798"]
[BlackElo "1800"]
[PlyCount "121"]
[EventDate "2014.06.??"]
[EventType "swiss"]
[EventRounds "7"]
[EventCountry "POL"]
[SourceTitle "EXT 2021"]
[Source "ChessBase"]
[SourceDate "2020.10.23"]
[SourceVersion "1"]
[SourceVersionDate "2020.10.23"]
[SourceQuality "1"]

1. d4 d5 2. c4 e6 3. g3 Nf6 4. Bg2 dxc4 5. Qa4+ Bd7 6. Qxc4 Bc6 7. Nf3 Be7 8. 0-0 Nbd7 9. Nc3 a6 10. Rd1 Nb6 11. Qd3 0-0 12. e4 h6 13. Ne5 Bd6 14. Nxc6 bxc6 15. e5 Bxe5 16. dxe5 Nfd5 17. Nxd5 cxd5 18. Be3 Nc4 19. Rab1 Nxe5 20. Qd4 Nc4 21. Qc5 Nxe3 22. Qxe3 Qd6 23. Rbc1 c6 24. Qc5 Qxc5 25. Rxc5 Rfc8 26. Rdc1 a5 27. Rxc6 Rxc6 28. Rxc6 a4 29. Bf1 Rb8 30. Rc2 Kf8 31. f3 g5 32. Kf2 Ke7 33. Be2 Kf6 34. Bd1 Rb4 35. Rd2 Ke5 36. a3 Rc4 37. Be2 Rc8 38. Bb5 Ra8 39. Ke3 f5 40. f4+ gxf4+ 41. gxf4+ Kd6 42. Kd4 Ra5 43. Bd3 Ra8 44. Rg2 Rb8 45. Kc3 Kc5 46. Rc2 Rb3+ 47. Kd2+ Kd4 48. Be2 e5 49. fxe5 Kxe5 50. Kc1 Ke4 51. Rc3 Rb7 52. Kc2 f4 53. Bf3+ Ke5 54. Rc5 Ra7 55. Rxd5+ Kf6 56. Rh5 Kg6 57. Rc5 Kf6 58. b4 axb3+ 59. Kxb3 Ke6 60. Kb4 Kd6 61. Rh5 1-0

[Event "Polanica Zdroj op-D 48th"]
[Site "Polanica Zdroj"]
[Date "2012.08.24"]
[Round "7"]
[White "Budnik, Mateusz"]
[Black "Dolinski, Piotr"]
[Result "1/2-1/2"]
[WhiteElo "1660"]
[BlackElo "1855"]
[PlyCount "144"]
[EventDate "2012.08.18"]
[EventType "swiss"]
[EventRounds "9"]
[EventCountry "POL"]
[SourceTitle "EXT 2014"]
[Source "ChessBase"]
[SourceDate "2013.11.20"]
[SourceVersion "1"]
[SourceVersionDate "2013.11.20"]
[SourceQuality "1"]

1. e4 Nc6 2. Nc3 e6 3. d4 Bb4 4. Nf3 d6 5. a3 Ba5 6. b4 Bb6 7. Bb5 Bd7 8. 0-0 a5 9. Bxc6 bxc6 10. Bb2 Ne7 11. Ne2 0-0 12. c4 axb4 13. axb4 c5 14. bxc5 dxc5 15. d5 exd5 16. cxd5 Rxa1 17. Qxa1 f6 18. Nf4 Qa8 19. Qxa8 Rxa8 20. e5 Ra2 21. Bc3 fxe5 22. Nxe5 Bb5 23. Ra1 Rxa1+ 24. Bxa1 g5 25. Ne6 Nxd5 26. Nxg5 Ba5 27. Ne6 c4 28. Nd4 Ba6 29. Nc2 c5 30. Ne3 Nxe3 31. fxe3 c3 32. Nf3 Bd3 33. Kf2 Bb4 34. Ne5 c4 35. Nf3 c2 36. Bb2 Bc3 37. Bc1 Ba1 38. Ne1 Bg6 39. Ke2 c3 40. Nd3 Kf8 41. Ba3+ Ke8 42. Bc1 Kd8 43. g4 h5 44. gxh5 Bxh5+ 45. Ke1 Bg6 46. Ke2 Be4 47. h4 Ke8 48. Nc5 Bd5 49. Kd3 Kf7 50. Kxc2 Kg6 51. e4 Bf7 52. Nb3 Bb2 53. Bxb2 cxb2 54. Kxb2 Kh5 55. Kc3 Kxh4 56. Nc5 Kg5 57. Kd4 Kf6 58. e5+ Ke7 59. Ne4 Ba2 60. Nf6 Ke6 61. Ke4 Bb1+ 62. Kf4 Ba2 63. Ne4 Ke7 64. Nc5 Bc4 65. Na4 Bb3 66. Nc3 Ke6 67. Ne2 Ba2 68. Nd4+ Ke7 69. Ke4 Bb1+ 70. Kd5 Ba2+ 71. Kc5 Bf7 72. Nc6+ Kd7 1/2-1/2

[Event "Polanica Zdroj op-D 48th"]
[Site "Polanica Zdroj"]
[Date "2012.08.20"]
[Round "3"]
[White "Zakrocki, Kacper"]
[Black "Dolinski, Piotr"]
[Result "0-1"]
[WhiteElo "1583"]
[BlackElo "1855"]
[PlyCount "74"]
[EventDate "2012.08.18"]
[EventType "swiss"]
[EventRounds "9"]
[EventCountry "POL"]
[SourceTitle "EXT 2014"]
[Source "ChessBase"]
[SourceDate "2013.11.20"]
[SourceVersion "1"]
[SourceVersionDate "2013.11.20"]
[SourceQuality "1"]

1. e4 Nc6 2. Nf3 d6 3. d4 Bg4 4. Be2 Nf6 5. Nc3 e6 6. Bb5 d5 7. Bg5 Be7 8. e5 Nd7 9. Bxe7 Qxe7 10. Be2 Qb4 11. Ng1 Nxd4 12. Qd2 Nxe2 13. Ncxe2 Qxd2+ 14. Kxd2 Bxe2 15. Nxe2 Nxe5 16. b3 0-0 17. Nd4 c5 18. Rae1 cxd4 19. Rxe5 Rac8 20. f4 g6 21. g4 Rc3 22. f5 Rfc8 23. Rc1 d3 24. fxe6 fxe6 25. Rxe6 dxc2 26. Re5 Rh3 27. Re2 d4 28. Ree1 d3 29. Re3 Rxe3 30. Kxe3 Rd8 31. Kd2 Kf7 32. Rf1+ Ke6 33. g5 Ke5 34. Rf3 Rc8 35. Rf1 c1Q+ 36. Rxc1 Rxc1 37. Kxc1 Kf4 0-1